00388 2200157 4500245003700000250001000037100001600047650001600063005001900079260001800098041001400116084000900130300001900139500006300158336000900221 aFinding HirocErfann FajarhText aCet.1 aErfan Fajar aErfan Fajar a20250131083509 aJakartac2024 aIndonesia a7415 ailus. :c22 cm aSebuah kisah tentang manusia yang belajar menjadi manusia. atext